000 00740nam a2200253Ia 4500
003 OSt
005 20220928125606.0
006 a|||||r|||| 00| 0
007 ta
008 220927b |||||||| |||| 00| 0 eng d
020 _cINR 679.00
024 _a133001
037 _b057, 14/03/2017, Excel Book International
_cTextual
040 _aSDCL
_cSDCL
_beng
041 _2eng
_aeng
082 _aD65,4, N9
100 _aFlood J.E.
_9470453
245 0 _aTelecommunications switching, traffic and networks
260 _aNoida
_bPearson
_c1999
300 _axviii,310p.
_ccm.
650 _aI I C
942 _hD65,4, N9
_cTEXL
_2CC
999 _c783166
_d783166